| 000 | 00830nam a2200241Ia 4500 | ||
|---|---|---|---|
| 003 | OSt | ||
| 005 | 20220925194248.0 | ||
| 006 | a|||||r|||| 00| 0 | ||
| 007 | ta | ||
| 008 | 220923b |||||||| |||| 00| 0 eng d | ||
| 020 |
_a0674021118 _c707.05999999999995 |
||
| 037 |
_bRTL09-10/016, 09/03/2009, INDEPENDENT PUBLISHERS GROUP _cGeneral Book |
||
| 040 |
_aRTL _cRTL _beng |
||
| 041 |
_2eng _aeng |
||
| 082 | _aY:47.41, P3 | ||
| 100 |
_aHui Wang _936945 |
||
| 245 | 0 |
_aChina's new order _b Society, politics, and economy in transition. Ed by Theodore Huters |
|
| 260 |
_aCambridge _bHarvard University Press _c2003 |
||
| 300 |
_axi, 239p. _ccm. |
||
| 650 | _aEconomics | ||
| 942 |
_hY:47.41, P3 _cGB _2CC |
||
| 999 |
_c528851 _d528851 |
||